[Event "Rheinhausen-ch 19th"]
[Site "Duisburg Rheinhausen"]
[Date "2015.01.18"]
[Round "2"]
[White "Westermann, Johannes"]
[Black "Kindermann, Dieter"]
[Result "1/2-1/2"]
[WhiteElo "2132"]
[BlackElo "1776"]
[PlyCount "85"]
[EventDate "2015.01.09"]
[EventType "swiss"]
[EventRounds "7"]
[EventCountry "GER"]
[SourceTitle "EXT 2018"]
[Source "ChessBase"]
[SourceDate "2017.10.13"]
[SourceVersion "1"]
[SourceVersionDate "2017.10.13"]
[SourceQuality "1"]

1. e4 e6 2. d4 d5 3. e5 c5 4. c3 Nc6 5. Nf3 Qb6 6. a3 Nh6 7. b4 cxd4 8. cxd4 Nf5 9. Bb2 Be7 10. Bd3 0-0 11. 0-0 Kh8 12. Nbd2 Ncxd4 13. Nxd4 Nxd4 14. Qg4 Nf5 15. Nf3 Bd7 16. Qh3 Qd8 17. Rfd1 g6 18. Rac1 Ba4 19. Bc2 Bc6 20. Qg4 a5 21. Bd3 axb4 22. axb4 Ba4 23. Re1 Bd7 24. Ra1 Qb6 25. Bc3 Rfc8 26. Bd2 Bb5 27. Rxa8 Rxa8 28. Bb1 Bc4 29. Qf4 Bxb4 30. g4 Bxd2 31. Qxd2 Ne7 32. Qf4 Ng8 33. Qxf7 Nh6 34. Qf6+ Kg8 35. Bxg6 Qxf2+ 36. Kxf2 Nxg4+ 37. Kg3 Nxf6 38. exf6 hxg6 39. Rxe6 Ra3 40. Kf4 Ra6 41. Re8+ Kf7 42. Re7+ Kxf6 43. Rxb7 1/2-1/2